Relationship selling (Бичлэгийн дугаар. 146150)
| 000 -УДИРДЛАГА | |
|---|---|
| Удирдлага | 01579nam a22004457a 4500 |
| 003 - ХЯНАЛТЫН ТОО ТОДОРХОЙЛОГЧ | |
| Код | MN-UlNUM |
| 005 - БИЧИЛТ ХИЙСЭН ОГНОО | |
| Тухайн бичилтийг бичсэн засварласан сүүлийн огноо | 20260109191654.0 |
| 008 - ЕРӨНХИЙ МЭДЭЭЛЭЛ | |
| Ерөнхий мэдээлэл | 161004s2008 maua b 001 0 eng |
| 020 ## - ISBN | |
| ISBN | 9780073529813 |
| -- | 0073529818 |
| 040 ## - БИЧЛЭГ ҮҮСГЭГЧ БАЙГУУЛЛАГА | |
| Бичлэг үүсгэгч номын сангийн код | МУИС-ийн номын сан |
| 084 ## - ББК АНГИЛАЛ | |
| Нэмэлт тусгалт | Нэг сэдэвт бүтээл |
| ББК ангилал | 65.42 |
| Зохиогчийн гурван тэмдэгт | J 74 |
| Мэдлэгийн ялгаа | 65 - Эдийн засаг |
| 100 1# - ЗОХИОГЧ | |
| Зохиогчийн нэр | Johnston, Mark W. |
| 245 10 - ҮНДСЭН ГАРЧИГ | |
| Номын нэр | Relationship selling |
| Оролцогчдын тухай мэдээ | Mark W. Johnston, Greg W. Marshall |
| 250 ## - ДАХИН ХЭВЛЭЛТ | |
| Дахин гаралтын дугаар | 2th ed. |
| 260 ## - ГАРАЛТЫН МЭДЭЭ | |
| Хэвлэгдсэн газар | Boston |
| Хэвлэлийн газар | McGraw-Hill/Irwin |
| Хэвлэгдсэн он | 2008 |
| 300 ## - МАТЕРИАЛЫН ТОДОРХОЙЛОЛТ | |
| хуудасны тоо | xxvii, 446 p. |
| Бусад тоон мэдээлэл | col. ill. |
| Хэмжээ | 26 cm |
| 500 ## - Тайлбар | |
| Дансны дугаар | БС 6107 |
| 546 ## - ХЭЛНИЙ ТУХАЙ МЭДЭЭ | |
| Хэл | Англи хэл дээр, |
| 653 ## - Түлхүүр үг | |
| Түлхүүр үг | economics |
| 653 ## - Түлхүүр үг | |
| Түлхүүр үг | selling |
| 700 1# - ХАМ ЗОХИОГЧИД | |
| Ба бус | Marshall, Greg W. |
| 740 ## - НОМЫН ГАРЧИГ | |
| Гарчиг | What Is Relationship Selling? |
| 740 ## - НОМЫН ГАРЧИГ | |
| Гарчиг | Introduction to Relationship Selling |
| 740 ## - НОМЫН ГАРЧИГ | |
| Гарчиг | Understanding Sellers and Buyers |
| 740 ## - НОМЫН ГАРЧИГ | |
| Гарчиг | Value Creation in Buyer-Seller Relationships |
| 740 ## - НОМЫН ГАРЧИГ | |
| Гарчиг | Ethical and Legal Issues in Relationship Selling |
| 740 ## - НОМЫН ГАРЧИГ | |
| Гарчиг | Using Information in Prospecting and Sales Call Planning |
| 740 ## - НОМЫН ГАРЧИГ | |
| Гарчиг | Communicating the Sales Message |
| 740 ## - НОМЫН ГАРЧИГ | |
| Гарчиг | Negotiating for Win-Win Solutions |
| 740 ## - НОМЫН ГАРЧИГ | |
| Гарчиг | Closing the Sale and Follow-up |
| 740 ## - НОМЫН ГАРЧИГ | |
| Гарчиг | Self-Management: Time and Territory |
| 740 ## - НОМЫН ГАРЧИГ | |
| Гарчиг | Salesperson Performance: Behavior, Motivation, and Role Perceptions |
| 740 ## - НОМЫН ГАРЧИГ | |
| Гарчиг | Recruiting and Selecting Salespeople |
| 740 ## - НОМЫН ГАРЧИГ | |
| Гарчиг | Training Salespeople for Sales Success |
| 740 ## - НОМЫН ГАРЧИГ | |
| Гарчиг | Salesperson Compensation and Incentives |
| 740 ## - НОМЫН ГАРЧИГ | |
| Гарчиг | Evaluating Salesperson Performance |
| 942 ## - ЭЛЕМЕНТИЙН ТӨРӨЛ | |
| Зүйлийн төрөл | Ном |
